| 000 | 02720cam a22005054i 4500 | ||
|---|---|---|---|
| 003 | PE-LiUPU | ||
| 005 | 20250731184114.0 | ||
| 008 | 150706s2010 pe a r 000 0 spa d | ||
| 020 | _a9786124011306 | ||
| 035 | _a(Sirsi) i9786124011306 | ||
| 040 |
_aPE-LiUPU _bspa _cPE-LiUPU _erda |
||
| 049 | _aPRUA | ||
| 082 | 0 | 4 |
_a869.56 _bC66 _221 |
| 082 | 0 | 4 |
_a869.56 _bC45 2010 |
| 100 | 1 |
_aCerna Guardia, Rosa, _eautor. |
|
| 245 | 1 | 0 |
_aCuentos de tierra viva / _cRosa Cerna Guadia . |
| 264 | 1 |
_aLima : _bAsamblea Nacional de Rectores, _c2010. |
|
| 300 |
_a158 páginas ; _c24 centímetros |
||
| 336 |
_atext _2rdacontent |
||
| 337 |
_aunmediated _2rdamedia |
||
| 338 |
_avolume _2rdacarrier |
||
| 505 | 0 | _aLa sal de la Tierra -- A la luz del día -- A vuelo de campana. | |
| 526 | _aP145 | ||
| 526 | _aP127 | ||
| 526 | _aP97 | ||
| 526 | _aP14 | ||
| 526 | _aP07 | ||
| 650 | 0 | 4 |
_aCuentos infantiles peruanos _ySiglo XX. |
| 910 |
_bjv _cng _d20110411 |
||
| 910 |
_btqv _cwelc _d20170908 |
||
| 942 |
_2ddc _cBOOK |
||
| 949 |
_a869.56 C66 _wDEWEY _c1 _i62768 _lCCODEBUL1 _mBUL _p14.00 _r0 _sY _tBOOK _u2015-7-6 _xEDUCACION _zUNKNOWN _0COMPRA _o.STAFF. Colección General |
||
| 949 |
_a869.56 C66 _wDEWEY _c2 _i62767 _d2016-5-4 _e2016-5-3 _lCCODEBUL1 _mBUL _n1 _p14.00 _r0 _sY _tBOOK _u2015-7-6 _xEDUCACION _zUNKNOWN _0COMPRA _o.STAFF. Colección General |
||
| 949 |
_a869.56 C45 2010 _wDEWEY _c1 _iFJ08754 _lCCODEBUJ1 _mBUJ _p14.00 _r0 _sY _tBOOK _u2017-09-08 _xBIBLIOTECA _zUNKNOWN _0DONACION _o.STAFF. Colección General Juliaca |
||
| 949 |
_a869.56 C45 2010 _wDEWEY _c2 _iFJ08755 _lCCODEBUJ1 _mBUJ _p14.00 _r0 _sY _tBOOK _u2017-09-08 _xBIBLIOTECA _zUNKNOWN _0DONACION _o.STAFF. Colección General Juliaca |
||
| 994 |
_aC0 _bPEPRU |
||
| 596 | _a1 3 | ||
| 999 |
_a869.56 C66 _wDEWEY _c51823 _i62768 _f2021-11-9 _g5 _lCCODEBUL1 _mBUL _p14.00 _r0 _sY _tBOOK _u2015-7-6 _xEDUCACION _zUNKNOWN _0COMPRA _o.STAFF. Colección General _d51823 |
||
| 999 |
_a869.56 C66 _wDEWEY _c2 _i62767 _d2016-5-4 _e2016-5-3 _f2021-11-9 _g5 _lCCODEBUL1 _mBUL _n1 _p14.00 _r0 _sY _tBOOK _u2015-7-6 _xEDUCACION _zUNKNOWN _0COMPRA _o.STAFF. Colección General |
||
| 999 |
_a869.56 C45 2010 _wDEWEY _c1 _iFJ08754 _d2019-10-17 _f2022-2-2 _g2 _lCCODEBUJ1 _mBUJ _p14.00 _q2 _r0 _sY _tBOOK _u2017-9-8 _xBIBLIOTECA _zUNKNOWN _0DONACION _o.STAFF. Colección General Juliaca |
||
| 999 |
_a869.56 C45 2010 _wDEWEY _c2 _iFJ08755 _f2022-2-2 _g2 _lCCODEBUJ1 _mBUJ _p14.00 _r0 _sY _tBOOK _u2017-9-8 _xBIBLIOTECA _zUNKNOWN _0DONACION _o.STAFF. Colección General Juliaca |
||
| 980 |
_81 _gALBERTO SANCHEZ Responsable de Automatización |
||